Statistics for Okresné sídla na Slovensku v rokoch 1919 až 1922

Click here to take the quiz!

General Stats

  • This quiz has been taken 2 times
  • The average score is 48 of 104

Answers on the Map

Answers color-coded by a green-red scale on the quiz's map according to % correct below.
 

Answer Stats

ŽupaPočet obyvateľovSídlo% Correct
Trenčianska3 922Bánovce nad Bebravou
100%
Zvolenská18 133Banská Bystrica
100%
Bratislavská118 737Bratislava
100%
{Bratislavská}
100%
Gemersko-malohontská2 149Revúca
100%
Liptovská14 740Ružomberok
100%
Spišská10 955Spišská Nová Ves
100%
{Trenčianska}
100%
Trenčianska15 636Trenčín
100%
Trenčianska20 470Žilina
100%
Abovsko-{turnianska}
50%
Hontianska13 549Banská Štiavnica
50%
Šarišská7 888Bardejov
50%
Zvolenská4 362Brezno
50%
Trenčianska6 850Čadca
50%
Oravská3 590Dolný Kubín
50%
Bratislavská6 183Dunajská Streda
50%
Gemersko-malohontská1 031Feledince (Jesenské)
50%
Bratislavská4 580Galanta
50%
Spišská3 737Gelnica
50%
Šarišská1 127Giraltovce
50%
Nitrianska10 966Hlohovec
50%
Gemersko-malohontská3 557Hnúšťa
50%
Nitrianska5 639Holíč
50%
Zemplínska4 849Humenné
50%
Trenčianska2 733Ilava
50%
Spišská6 466Kežmarok
50%
{Komárňanská}
50%
Komárňanská19 075Komárno
50%
Abovsko-turnianska63 063Košice
50%
Hontianska4 235Krupina
50%
Trenčianska2 823Kysucké Nové Mesto
50%
Tekovská11 892Levice
50%
Spišská7 738Levoča
50%
Šarišská1 383Lipany
50%
Liptovská2 015Liptovský Hrádok
50%
Liptovská10 930Liptovský Svätý Mikuláš
50%
Novohradská13 798Lučenec
50%
Bratislavská5 251Malacky
50%
Zemplínska2 529Medzilaborce
50%
Zemplínska10 361Michalovce
50%
Novohradská1 373Modrý Kameň
50%
Abovsko-turnianska2 596Moldava nad Bodvou
50%
Nitrianska11 329Myjava
50%
Oravská2 329Námestovo
50%
Nitrianska25 731Nitra
50%
{Nitrianska}
50%
Nitrianska6 849Nové Mesto nad Váhom
50%
Nitrianska19 023Nové Zámky
50%
Komárňanská3 481Parkan (Štúrovo)
50%
Nitrianska9 515Piešťany
50%
Trenčianska6 896Považská Bystrica
50%
Šarišská21 314Prešov
50%
Nitrianska5 434Prievidza
50%
Trenčianska4 229Púchov
50%
Gemersko-malohontská9 296Rimavská Sobota
50%
Gemersko-malohontská6 937Rožňava
50%
Šarišská4 234Sabinov
50%
Hontianska6 063Šahy
50%
Nitrianska5 241Šaľa
50%
Bratislavská4 248Šamorín
50%
Bratislavská4 656Senec
50%
Nitrianska4 908Senica
50%
Zemplínska3 423Snina
50%
Zemplínska1 479Sobrance
50%
Spišská1 300Spišská Stará Ves
50%
Spišská3 295Spišské Podhradie
50%
Komárňanská4 350Stará Ďala (Hurbanovo)
50%
Spišská2 161Stará Ľubovňa
50%
Zemplínska2 587Stropkov
50%
Tekovská2 887Svätý Kríž (Žiar) nad Hronom
50%
Nitrianska7 819Topoľčany
50%
Gemersko-malohontská3 682Tornaľa
50%
Bratislavská19 435Trnava
50%
Oravská4 334Trstená
50%
Turčianska8 095Turčiansky Svätý Martin
50%
Abovsko-turnianska1 709Turňa nad Bodvou
50%
Trenčianska5 756Veľká Bytča
50%
Zemplínska2 560Veľké Kapušany
50%
Tekovská4 174Vráble
50%
Zemplínska4 362Vranov
50%
Šarišská623Vyšný Svidník
50%
Tekovská4 799Zlaté Moravce
50%
Zvolenská11 293Zvolen
50%
{Zvolenská}
50%
Zvolenská2 934Zvolenská Slatina
50%
Hontianska1 522Bátovce
0%
Novohradská1 210Halič
0%
Turčianska1 228Kláštor pod Znievom
0%
Zemplínska2 853Kráľovský Chlumec
0%
Šarišská802Lemešany
0%
Zemplínska836Michaľany
0%
Hontianska1 833Nekyje (Vinica)
0%
Liptovská2 065Nemecká (Partizánska) Ľupča
0%
Tekovská1 711Oslany
0%
Hontianska1 172Pastovce
0%
Gemersko-malohontská2 705Pohorelá
0%
Gemersko-malohontská969Ratková
0%
Zemplínska4 231Sečovce
0%
Spišská1 047Spišská Sobota
0%
Oravská2 325Tvrdošín
0%
Nitrianska1 066Žabokreky nad Nitrou
0%
Abovsko-turnianska893Ždaňa
0%
Komárňanská1 895Zemianska Oľča
0%

Score Distribution

Percentile by Number Answered

Percent of People with Each Score

Your Score History

You have not taken this quiz